000 00290nam a22001337a 4500
008 170911b xxu||||| |||| 00| 0 eng d
020 _a048624220X
041 _aeng
080 _a52
100 _a42
101 _aAST
245 _aSPACE TIME AND CREATION
_cMUNITZ, M.K
942 _2udc
_cBK
999 _c27065
_d27065